000 00527nam a2200193Ia 4500
005 20250326145023.0
008 250326s9999 xx 000 0 und d
020 _a1-4221-1030-3
037 _aTextbook
040 _aFMSL
_beng
_cFMSL
041 _aeng
_2eng
084 _aX:87 P7
_qFMSL
100 _aUlrich D
_9749678
245 0 _aLeadership brand
_cUlrich D; Smallwood N
260 _aUSA
_bUSA, Harvard business school press
_c2010
300 _a270p
942 _cTB
_hX:87 P7
999 _c1306066
_d1306066